000 00513 a2200169 4500
020 _a8126502053
040 _aDLC
082 0 0 _a005.4469
100 1 _aNegus, Chris,
245 1 0 _aRed Hat Linux 7 bible
_cChristopher Negus.
250 _aUnlimited ed.
260 _aFoster City, CA :
_bIDG Books Worldwide,
_c2000.
300 _axxx, 871 p. :
_bill. ;
_c24 cm. + 3 computer laser optical discs (4 3/4 in)
500 _aIncludes index.
650 0 _aOperating systems (Computers)
942 _cBK
_k005.4469 NEG
_2ddc
999 _c6338
_d6338